000 00550nam a2200169 a 4500
001 000043144
005 20201002040654.0
008 140220s1994 sp 000 0 spa d
020 _a8488675119
040 _aDO-SdBNP
_bspa
_cBNPHU
082 _axxxxxx
_bxxxxxx
100 1 _aTorres, Raúl
_970702
245 1 3 _aEl Caracol del Jardín Misterioso y otros Relatos /
_cRaúl Torres.
260 _aMadrid :
_bFundación de los ferrocarriles españoles,
_c1994.
300 _a106 p. ;
_c120 p.
586 _aXVIII premio narraciones breves "Antonio Machado"
999 _c42633
_d42633